00333nam a2200121Ia 4500008004100000020002600041040002600067082000600093245005300099260003800152003000400190005001700194241127s9999||||xx |||||||||||||| ||und|| a1511-9408(082012)c00 bengcSSK Libraryerda a- 0aBusiness Today (August 2012): Volume 12, Issue 8 b Reach Publishing Sdn Bhdc©2012OSt20241127152853.0